Тест на общие знания №14 - Statistics

General Stats
  • This quiz has been taken 57 times
  • The average score is 11 of 20
Answer Stats
Вопрос Ответ % Correct
Как с итальянского переводится слово "arrivederci"? до свидания
97%
Какой цвет стоит в радуге четвёртым по счёту? зелёный
89%
Какое транспортное средство было зеленоглазым в песне Михаила Боярского? такси
83%
Как зовут самого известного похитителя Рождества? Гринч
81%
В каком фильме главного героя поставили перед выбором между красной и синей таблеткой? "Матрица"
81%
Какое слово не принято говорить, пока не перепрыгнешь? гоп
75%
На логотипе какого модного бренда изображён крокодил? Lacoste
75%
Какая страна в 2020-м году вышла из состава Европейского Союза? Великобритания
72%
Что названо в честь Микерина, Хефрена и Хеопса? пирамиды
72%
Находясь в каком месте, куда бы вы ни посмотрели, везде будет север? Южный полюс
53%
У какого вида рыб беременеет, вынашивает икру и рожает самец? морской конёк
47%
Как читается эта греческая буква ω? омега
44%
У чего показатель pH<7? кислота
42%
На каком языке говорят в Ливане? арабский
39%
Как назвали вышеописанное событие? Brexit
33%
Как называется разновидность атома того же элемента с одинаковым числом протонов, но с разным числом нейтронов? изотоп
31%
В честь какого исследователя названы пролив, галактика и кратер на Луне? Фернан Магеллан
22%
Какая музыкальная группа давала концерты на всех континентах, включая Антарктиду? "Metallica"
19%
Как в контексте Масленицы называется вторник? заигрыш
17%
Какой мультфильм впервые стал лауреатом кинопремии "Оскар" в номинации "лучший полнометражный анимационный фильм"? "Шрек"
14%
No matching quizzes found
Score Distribution
Percent of People with Each Score
Percentile by Number Answered
Your Score History
You have not taken this quiz